000 00413nam a2200181Ia 4500
008 230524s9999 xx 000 0 und d
020 _a9780070077917
082 _bDEB
100 _aS.R Deb
245 0 _aRobotics Technology and Flexible Automation
250 _a2
260 _c2013
300 _a"XX,545p;"
500 _aQuantity Number: 3
650 _aMechanics
700 _a S.Deb
942 _cBK
999 _c57726
_d57726